000 00346nam a22001577a 4500
003 SGT
020 _a978-93-5152-2928
082 _a610.3
_bC14P
100 _aPAUL, ARUN KUMAR
245 _aCRITICAL CARE DEFINED DICTIONARY
250 _a1ST
260 _aINDIA
_bJAYPEE
_c2014
300 _a276
650 _aDICTIONARY
942 _2ddc
_cBK
999 _c11223
_d11223